| 000 | 00956cam a2200217 4500 | ||
|---|---|---|---|
| 001 | WB3713-20 | ||
| 008 | 000000n2001 000 0 eng u | ||
| 035 | _a(Sirsi) u111675 | ||
| 245 | _aJitters decline but caution prevails | ||
| 260 | _c2001 | ||
| 490 |
_aEstates Gazette _v (0112/24) 24 March 2001, 48(1) |
||
| 520 | _aTotal returns for property investors are expected to fall in 2001. The latest Property Investment Forum / Estates Gazette investment intentions survey shows total return predictions for the rest of this year as revised downwards, from 10.6% to 9.8%. However, only 11% of respondents were worried about the state of the economy. + tables. | ||
| 590 | _aWB | ||
| 650 | _aABOUT RICS-RELATED ORGANISATIONS-INVESTMENT PROPERTY FORUM | ||
| 650 | _aPROPERTY INVESTORS | ||
| 650 | _aPROPERTY RETURNS | ||
| 650 | _aINVESTMENT MARKET | ||
| 650 | _aINVESTOR INTENTIONS FORECAST | ||
| 690 |
_aPROPERTY MANAGEMENT _96262 |
||
| 942 | _n0 | ||
| 999 |
_c66539 _d66539 |
||